| 000 | 00991cam a22002531 4500 | ||
|---|---|---|---|
| 082 |
_a532 _bMEC _cL-22,P-3. |
||
| 100 | 1 |
_aDrysdale, C. V. _939939 |
|
| 245 | 1 | 4 |
_aThe mechanical properties of fluids; _ba collective work, _cby C.V. Drysdale ... Allan Ferguson ... A.E.M. Geddes ... A.H. Gibson ... Sir George Goodwin ... F.R.W. Hunt ... Horace Lamb ... A.G.M. Michell ... G.I. Taylor ... |
| 250 | _a2nd ed. | ||
| 260 |
_aLondon [etc.] _bBlackie and son limited, _c1923. |
||
| 300 |
_axiv p., 1 l., 362 p. _billus., plates, fold. tab., diagrs. (1 fold.) _c23 cm. |
||
| 490 | 1 | _aApplied physics series | |
| 526 |
_a0 _b0 _c0 _d532_000000000000000_MEC |
||
| 650 | 0 |
_aFluids. _930459 |
|
| 650 | 0 |
_aMCE _9379 |
|
| 700 | 1 |
_aFerguson, Allan, _939940 |
|
| 700 | 1 |
_aGeddes, A. E. M. _939941 |
|
| 700 | 1 |
_aGibson, A. H. _939942 |
|
| 700 | 1 |
_aHunt, F. R. W. _939943 |
|
| 700 | 1 | _aLamb, Horace, | |
| 700 | 1 |
_aMichell, A. G. M. _939944 |
|
| 700 | 1 |
_aTaylor, Geoffrey Ingram, _939945 |
|
| 942 |
_2ddc _cBK |
||
| 999 |
_c544328 _d544328 |
||